| 000 | 00524nam a22001937a 4500 | ||
|---|---|---|---|
| 003 | KOHA_MİRAKIL | ||
| 005 | 20250416150923.0 | ||
| 008 | 250416b tu ||||| |||| 00| 0 tur d | ||
| 020 | _a9789750751363 | ||
| 040 |
_aTR-AnABB _btur _cTR-AnABB |
||
| 041 | _atur | ||
| 082 |
_a869.899234 _bCOE 2024 |
||
| 100 | 1 | _aCoelho, Paulo, | |
| 245 | 1 | 0 |
_aOkçu'nun yolu / _cPaulo Coelho |
| 260 |
_aİstanbul : _bCan Sanat, _c2024 |
||
| 300 |
_a163 sayfa ; _c19 cm |
||
| 650 | 0 | 4 | _aPortekiz edebiyatı, roman |
| 942 |
_2ddc _cBK |
||
| 999 |
_c8714 _d8714 |
||
| 900 | _bGizem YORULMAZ | ||